| 000 | 00349nam a22001457a 4500 | ||
|---|---|---|---|
| 003 | OSt | ||
| 005 | 20160727222342.0 | ||
| 008 | 160620b xxu||||| |||| 00| 0 eng d | ||
| 040 | _cTEST | ||
| 100 |
_9144 _aBeers, V.G |
||
| 245 |
_aCoCo's candy shop _bCoCo's candy shop |
||
| 260 |
_aSouth Western _c1973 |
||
| 300 | _aCoCo's candy shop | ||
| 942 |
_2ddc _cBK |
||
| 999 |
_c116 _d116 |
||